01162nam a2200277 i 4500001001000000003000900010005001700019007000300036008004100039040003000080082002500110245013000135246009300265264003700358300002700395336002800422337003300450338002800483490003500511500009300546504002700639650004900666700003400715710010000749830003500849000041181DO-SdBNP20260219105724.0ta130705s2006 dr 000 0 spa d aDO-SdBNPbspacBNPHUerda 4a378.7293bS623pe22200aSituación y perspectivas de la internacionalización de la educación superior /ccoordinadora Loraine Amell ... [et al]. a Foro Presidencial por la Excelencia de la Educación. .Mesas de Trabajo de la SEESCyT. aSanto Domingo :bSEESCyT,c2006. a15 páginas ;c22 cm. 2rdacontent atextobtxt 2rdamediaasin mediaciónbn 2rdacarrieravolumenbnc1 aMesas de trabajo de la SEESCyT a Foro Presidencial por la Excelencia de la Educación. .Mesas de Trabajo de la SEESCyT  aBibliografía : p. 14 0aEducación superiorzRepública Dominicana1 aAmell, Loraine,ecoordinadora1 aRepública Dominicana.bSecretaría de Estado de Educación Superior, Ciencia y Tecnología 0aMesas de trabajo de la SEESCyT